00892nam a2200217 a 45000010005000000030004000050050017000090080041000260200018000670400020000852450089001052600055001943000011002494900061002605000134003216500036004556500054004917000043005457000043005887100043006312709OSt20131015133011.0130130s2009||||sp |||||||||||||||||spa|d a9788481084399 aCDMRbcatcCDMR 3aEl ocaso del periodismo tradicionalb: I Aula de Ciencias de la Información (2008) aAlmeríabInstituto de Estudios Almeriensesc2009 a211 p.0 aInstituto de Estudios Almerienses. Ciencias Socialesv12 aRecopil·lació de les aportacions a les jornades celebrades els dies 6,7,14 y 15 d'octubre i 25 de novembre de 2008 a Almería04aPeriodismexCongressoszAlmeria04aMitjans de comunicació de massa localszAlmeria1 aBlanco Martín, Miguel Ángelecoor.1 aRomán García, José Manuelecoor.2 aAsociación de la Prensa de Almería